| 000 -LEADER |
| fixed length control field |
00727cam a22001938i 4500 |
| 020 ## - INTERNATIONAL STANDARD BOOK NUMBER |
| ISBN |
0803124708 |
| 040 ## - CATALOGING SOURCE |
| Transcribing agency |
DLC |
| 082 00 - DEWEY DECIMAL CLASSIFICATION NUMBER |
| Classification number |
624 WAS 1997 A052 Or. |
| 245 00 - TITLE STATEMENT |
| Title |
Testing soil mixed with waste or recycled materials / |
| 300 ## - PHYSICAL DESCRIPTION |
| Number of Pages |
xiv, 335 pages : |
| Other physical details |
illustrations ; |
| Dimensions |
24 cm |
| 490 1# - SERIES STATEMENT |
| Series statement |
STP ; |
| 500 ## - GENERAL NOTE |
| General note |
"ASTM Publication Code Number (PCN): 04-012750-38" |
| 500 ## - GENERAL NOTE |
| General note |
"This publication, Testing soil mixed with waste or recycled materials, contains papers presented at the symposium of the same name held in New Orleans, Louisiana on 16-17 January 1997"--Foreword |
| 650 #0 - SUBJECT ADDED ENTRY--TOPICAL TERM |
| Topical Term |
Soil stabilization |
| 650 #0 - SUBJECT ADDED ENTRY--TOPICAL TERM |
| Topical Term |
Waste products |
| 700 1# - ADDED ENTRY--PERSONAL NAME |
| Personal name |
Wasemiller, Mark A., |
| 700 1# - ADDED ENTRY--PERSONAL NAME |
| Personal name |
Hoddinott, Keith B., |
| 942 ## - ADDED ENTRY ELEMENTS (KOHA) |
| Koha item type |
សៀវភៅភាសាអង់គ្លេស |
| 952 ## - LOCATION AND ITEM INFORMATION (KOHA) |
| Withdrawn status [LOCAL, KOHA] |
0 |